[Event "CHI-ch sf qual A"]
[Site "Quilpue"]
[Date "2019.01.05"]
[Round "1.3"]
[White "Sanchez Sanchez, Serjio Hernan"]
[Black "Salazar Hernandez, Benjamin"]
[Result "1-0"]
[WhiteElo "1350"]
[BlackElo "1089"]
[PlyCount "41"]
[EventDate "2019.01.05"]
[EventType "swiss"]
[EventRounds "5"]
[EventCountry "CHI"]
[SourceTitle "EXT 2024"]
[Source "ChessBase"]
[SourceDate "2023.10.10"]
[SourceVersion "1"]
[SourceVersionDate "2023.10.10"]
[SourceQuality "1"]

1. e4 e5 2. Nf3 Nc6 3. Bb5 a6 4. Ba4 b5 5. Bb3 Nf6 6. d3 Bb4+ 7. Bd2 Bxd2+ 8. Nbxd2 d5 9. exd5 Nxd5 10. 0-0 0-0 11. Re1 Re8 12. c4 bxc4 13. Bxc4 Na5 14. Nxe5 Nxc4 15. Ndxc4 f6 16. Nf3 Rxe1+ 17. Qxe1 Nb4 18. Qxb4 Qxd3 19. Re1 Bd7 20. Qb3 Qg6 21. Nce5+ 1-0